Art History - Renaissance Artists - Statistics

General Stats
  • This quiz has been taken 118 times
  • The average score is 7 of 16
Answers on the Grid
Answers color-coded by a green-red scale on the quiz's grid according to % correct below.
Urbino
Da Vinci
Hokusai
Miró
Michelangelo
Donatello
Raffaello
Della Francesca
Cano
Kandinsky
Masaccio
Vasari
Boccioni
Canova
Bramante
Bayeu
Cimabue
Brunelleschi
Ghiberti
Courbet
Wood
Rockwell
Perugino
Giorgione
Tiziano
Botticelli
Escher
Rodin
Rosso
Rubens
Mantegna
Modigliani
 
Answer Stats
Answer % Correct
Da Vinci
93%
Michelangelo
87%
Donatello
79%
Botticelli
65%
Raffaello
62%
Brunelleschi
43%
Della Francesca
37%
Masaccio
34%
Urbino
32%
Vasari
29%
Tiziano
22%
Giorgione
21%
Ghiberti
19%
Bramante
18%
Perugino
13%
Mantegna
10%
No matching quizzes found
Score Distribution
Percent of People with Each Score
Percentile by Number Answered
Your Score History
You have not taken this quiz